Phased Array Antennas (Record no. 318776)

MARC details
000 -LEADER
fixed length control field 00440nam a2200169Ia 4500
008 - FIXED-LENGTH DATA ELEMENTS--GENERAL INFORMATION
fixed length control field 230718s9999 xx 000 0 und d
020 ## - INTERNATIONAL STANDARD BOOK NUMBER
International Standard Book Number 9780471530763
041 ## - LANGUAGE CODE
Language code of text/sound track or separate title eng
082 ## - DEWEY DECIMAL CLASSIFICATION NUMBER
Classification number 621.3824
Item number HAN
100 ## - MAIN ENTRY--PERSONAL NAME
Personal name Hansen R.C.
9 (RLIN) 157519
245 ## - TITLE STATEMENT
Title Phased Array Antennas
260 ## - PUBLICATION, DISTRIBUTION, ETC. (IMPRINT)
Name of publisher, distributor, etc. John Wiley
300 ## - PHYSICAL DESCRIPTION
Accompanying material [OBSOLETE, CAN/MARC] Ref 1074 E ME (29983)
365 ## - TRADE PRICE
Currency code Rs.
Price amount 6977.00
700 ## - ADDED ENTRY--PERSONAL NAME
Personal name Hansen R.C.
9 (RLIN) 157519
906 ## - LOCAL DATA ELEMENT F, LDF (RLIN)
d B:448310-May-2008
c ME ETC
b 20
Holdings
Withdrawn status Lost status Source of classification or shelving scheme Reference No Damaged status Not for loan Home library Current library Date acquired Vendor Budget Code Cost, normal purchase price Bill number Full call number Barcode Date last seen Discount Cost, replacement price Bill Date Koha item type Original Barcode
    Dewey Decimal Classification Ref 1074 E M. Tech. (29963)   Reference Cummins College of Engineering for Women Pune Cummins College of Engineering for Women Pune 09/06/2008 Tbs ME ETC 6957.00 4483 621.3824 CCEP-BK-29983 18/07/2023 20 6977.00 10/05/2008 Books 029983